Argentina en marcha

Salvato in:
Dettagli Bibliografici
Ente Autore: Comisión nacional de cooperación intelectual (Autore)
Natura: Libro
Lingua:spagnolo
Pubblicazione: Buenos Aires Denbigh 1947
Soggetti:
Tags: Aggiungi Tag
Nessun Tag, puoi essere il primo ad aggiungerne!!

MARC

LEADER 00000nam a2200000 a 4500
001 UCO3094
003 CL-VaPUC
008 000714e19470000AG |||||||||||||||||spa|d
082 0 4 |a 982.062  |b COM  |2 21 
110 2 |a Comisión nacional de cooperación intelectual  |e author  |9 446951 
245 1 0 |a Argentina en marcha 
300 |a v 
942 |c BK 
945 |d 20000714 00:00:00  |a rherrera 
260 |a Buenos Aires  |b Denbigh  |c 1947 
600 0 7 |a PERON, JUAN DOMINGO  |2 CL-VaPUC  |9 320276 
650 0 |a Historia de Argentina  |9 319851 
650 7 |a NACIONALISMO  |2 CL-VaPUC  |9 446952 
650 7 |a CULTURA ARGENTINA  |2 CL-VaPUC  |9 431829 
651 0 |a Argentina  |9 254888 
583 |a last modification  |c 20000714 00:00:00  |k Rodrigo Vera 
999 |c 289564  |d 289562 
952 |0 0  |1 0  |4 0  |6 982_062000000000000_COM_1947  |7 0  |8 X  |9 338119  |a BIBHIS  |b BIBHIS  |d 2019-11-20  |h v.1  |i 1289888  |o 982.062 COM 1947  |p 1289888  |r 2024-01-30  |w 2019-11-20  |y BK_X  |k HIS